01233nam a2200301 i 45000010005000000030009000050050017000140070003000310080041000340200018000750800022000930800022001151000028001372450249001652600048004143000022004624900052004845000012005366500020005486500020005687000039005887000041006277000033006688300060007018520033007619990015007949520122008099581ES-MaACL20230906145719.0t|931105s1991 sp ||||1| spa d a84-7615-668-5 a616.89-008.441.42 a616.89-008.441.121 aArenson, Gloria.92262414aUna Sustancia llamada comida b: cómo entender, controlar y superar la adicción a la comida / cGloria Arenson ; traducción, F. Xavier Gisbert da Cruz, Virginia Virnesa [i.e. Vinuesa] Benítez ; revisión técnica, José María Cobo. aMadrid [etc.] : bMcGraw-Hill, cD.L. 1991. a211 p. ; c21 cm.1 aSerie McGraw-Hill de divulgación científica aIndice.14aAnorexia.9984414aBulimia.9106431 aGisbert da Cruz, F. Xavier.9573331 aVinuesa Benítez, Virginia.91153461 aCobo, José María.9393500 aSerie McGraw-Hill de divulgación científica9178515 aES-MaACLjL-17024 bR.122031 c9581d9581 00104070aATENEOMbATENEOMcDEPO2d2008-01-17eSCl0oL-17024p1009777r2023-02-23 00:00:00w2023-02-23yMONOGRAFIA